000 00707nam a22002177a 4500
003 UA-OsUOA
001 63668
007 ta
008 20091013b un ||||| |||| 00| 0 ukr d
090 _a311.313(477.8)
_bЗ-78
942 _cBK
040 _aUA-OsUOA
_bukr
_cUA-OsUOA
_dUA-OsUOA
245 _aЗовнішньоекономічна діяльність Рівненщини за 2008 рік
_bСтатистичний збірник
_cМішенкова Л. С.
300 _a88 с.
955 _a2
041 _aukr
080 _a311.313(477.8)
260 _aРівне
_bГУС
_c2009
650 7 _a311 Статистика як наука. Теорія статистики
_2UDC
999 _c349686
_d349686